[Event "42. Open Ciutat de Badalona 2016"]
[Site "Badalona ESP"]
[Date "2016.08.04"]
[Round "3.1"]
[White "Aguero Jimenez, Luis Lazaro"]
[Black "Cordova, Emilio"]
[Result "1-0"]
[WhiteElo "2388"]
[BlackElo "2627"]
[PlyCount "145"]
[EventDate "2016.08.02"]
[EventType "swiss"]
[EventRounds "9"]
[EventCountry "ESP"]
[SourceTitle "Ajedrez en Madrid"]
[Source "lmi"]
[SourceDate "2016.08.02"]
[SourceVersion "1"]
[SourceVersionDate "2018.07.18"]
[SourceQuality "1"]

1. e4 c5 2. Nf3 Nc6 3. d4 cxd4 4. Nxd4 Qb6 5. Nb3 e6 6. Bd3 Nf6 7. O-O a6 8. a4
Qc7 9. a5 Bb4 10. Bd2 d6 11. Bxb4 Nxb4 12. N1d2 Bd7 13. Qe2 Rc8 14. Rfc1 O-O
15. Nc4 Rcd8 16. Nb6 Be8 17. Nd4 g6 18. Qd2 Nc6 19. Qc3 Qe7 20. Re1 Ng4 21.
Nxc6 Bxc6 22. h3 Ne5 23. Bf1 g5 24. Rad1 f5 25. exf5 Rxf5 26. Nc4 Ng6 27. Bd3
Rf4 28. Bxg6 hxg6 29. Ne3 Qf8 30. Ng4 e5 31. f3 Rd7 32. Rd2 Kh7 33. Red1 e4 34.
fxe4 Bxe4 35. Rxd6 Rxd6 36. Qc7+ Rf7 37. Qxd6 Qxd6 38. Rxd6 Bxc2 39. Rd7 Rxd7
40. Nf6+ Kg7 41. Nxd7 Be4 42. g3 Kf7 43. Kf2 Ke7 44. Nc5 Bd5 45. Ke3 Bg2 46.
Kf2 Bd5 47. Ke3 Bg2 48. Kd4 Kd6 49. Ne4+ Kc6 50. Nxg5 Kb5 51. h4 Kxa5 52. g4
Bc6 53. h5 gxh5 54. gxh5 Be8 55. h6 Bg6 56. Kc3 Kb5 57. h7 Bxh7 58. Nxh7 Kc5
59. Nf6 a5 60. Ne4+ Kd5 61. Nf2 b6 62. Nd3 b5 63. Nc1 Kc5 64. Nb3+ Kb6 65. Nd2
Kc5 66. Nb3+ Kb6 67. Na1 Kc5 68. Nc2 Kd5 69. Ne1 Ke4 70. Nd3 Kd5 71. b3 Kc6 72.
Kd4 Kd6 73. Nc5 1-0

[Event "42. Open Ciutat de Badalona 2016"]
[Site "Badalona ESP"]
[Date "2016.08.04"]
[Round "3.2"]
[White "Valdes Romero, Leonardo"]
[Black "Ortiz Suarez, Isan Reynaldo"]
[Result "0-1"]
[WhiteElo "2386"]
[BlackElo "2564"]
[PlyCount "78"]
[EventDate "2016.08.02"]
[EventType "swiss"]
[EventRounds "9"]
[EventCountry "ESP"]
[SourceTitle "Ajedrez en Madrid"]
[Source "lmi"]
[SourceDate "2016.08.02"]
[SourceVersion "1"]
[SourceVersionDate "2018.07.18"]
[SourceQuality "1"]

1. Nf3 c5 2. c4 Nc6 3. Nc3 g6 4. g3 Bg7 5. Bg2 d6 6. a3 e5 7. O-O Nge7 8. b4 e4
9. Ne1 O-O 10. Bb2 Be6 11. Rb1 f5 12. d3 Ne5 13. Na4 cxb4 14. axb4 Rc8 15. f4
Ng4 16. Bxg7 Kxg7 17. Nc2 Bf7 18. h3 Nf6 19. Qd2 Qd7 20. b5 b6 21. Nb2 d5 22.
Qb4 h5 23. Rbd1 Qc7 24. Nd4 Rfd8 25. e3 exd3 26. Nxd3 dxc4 27. Ne5 Ned5 28. Qe1
Qc5 29. Ndc6 Rd6 30. Rd4 c3 31. Kh2 c2 32. Qd2 Nxe3 33. Qxe3 Rxd4 34. Nxd4 c1=Q
35. Rxc1 Qxc1 36. Qe2 h4 37. Nd3 hxg3+ 38. Kxg3 Qg1 39. Nf3 Ne4+ 0-1

[Event "42. Open Ciutat de Badalona 2016"]
[Site "Badalona ESP"]
[Date "2016.08.04"]
[Round "3.3"]
[White "Gonzalez Garcia, Jose"]
[Black "Lorenzo De la Riva, Lazaro"]
[Result "1/2-1/2"]
[WhiteElo "2498"]
[BlackElo "2355"]
[PlyCount "55"]
[EventDate "2016.08.02"]
[EventType "swiss"]
[EventRounds "9"]
[EventCountry "ESP"]
[SourceTitle "Ajedrez en Madrid"]
[Source "lmi"]
[SourceDate "2016.08.02"]
[SourceVersion "1"]
[SourceVersionDate "2018.07.18"]
[SourceQuality "1"]

1. Nf3 Nf6 2. c4 g6 3. Nc3 Bg7 4. e4 d6 5. d4 O-O 6. Be2 e5 7. O-O Nc6 8. d5
Ne7 9. b4 Nh5 10. Re1 f5 11. Ng5 Nf6 12. Bf3 c6 13. Be3 h6 14. Ne6 Bxe6 15.
dxe6 fxe4 16. Nxe4 Nxe4 17. Bxe4 d5 18. cxd5 cxd5 19. Bc5 dxe4 20. Qxd8 Rfxd8
21. Bxe7 Re8 22. Bc5 b6 23. Be3 Bf8 24. b5 Kg7 25. Bc1 Bc5 26. Bb2 Rxe6 27.
Rxe4 Rf8 28. Re2 1/2-1/2

[Event "42. Open Ciutat de Badalona 2016"]
[Site "Badalona ESP"]
[Date "2016.08.04"]
[Round "3.4"]
[White "Hansen, Mads"]
[Black "Arenas, David"]
[Result "1-0"]
[WhiteElo "2344"]
[BlackElo "2490"]
[PlyCount "73"]
[EventDate "2016.08.02"]
[EventType "swiss"]
[EventRounds "9"]
[EventCountry "ESP"]
[SourceTitle "Ajedrez en Madrid"]
[Source "lmi"]
[SourceDate "2016.08.02"]
[SourceVersion "1"]
[SourceVersionDate "2018.07.18"]
[SourceQuality "1"]

1. e4 e6 2. d4 d5 3. Nc3 Nf6 4. e5 Nfd7 5. f4 c5 6. Nf3 Be7 7. Be3 O-O 8. Qd2
b6 9. Nd1 a5 10. c3 Ba6 11. Bxa6 Nxa6 12. O-O Ndb8 13. g4 Qd7 14. Qg2 Nc6 15.
Kh1 a4 16. f5 exf5 17. gxf5 Qxf5 18. Rg1 Qg6 19. Qh3 Qe6 20. Qh6 g6 21. Nf2
Rfc8 22. Ng5 Bxg5 23. Bxg5 Ne7 24. Bxe7 Qxe7 25. Ng4 Rc6 26. Raf1 Nc7 27. Rf6
Ne6 28. Qh4 Ra7 29. Nh6+ Kf8 30. Nxf7 Qxf6 31. exf6 Rxf7 32. dxc5 Nxc5 33. Rxg6
Ne4 34. Qh6+ Ke8 35. Rg8+ Kd7 36. Rg7 Nd6 37. Qh3+ 1-0

[Event "42. Open Ciutat de Badalona 2016"]
[Site "Badalona ESP"]
[Date "2016.08.04"]
[Round "3.5"]
[White "Sylvan, Jacob"]
[Black "Neelotpal, Das"]
[Result "0-1"]
[WhiteElo "2342"]
[BlackElo "2472"]
[PlyCount "88"]
[EventDate "2016.08.02"]
[EventType "swiss"]
[EventRounds "9"]
[EventCountry "ESP"]
[SourceTitle "Ajedrez en Madrid"]
[Source "lmi"]
[SourceDate "2016.08.02"]
[SourceVersion "1"]
[SourceVersionDate "2018.07.18"]
[SourceQuality "1"]

1. e4 e5 2. Nf3 Nc6 3. Bb5 a6 4. Ba4 Nf6 5. O-O Be7 6. Re1 b5 7. Bb3 O-O 8. c3
d6 9. h3 Bb7 10. d4 Re8 11. Ng5 Rf8 12. Nf3 Nd7 13. Nbd2 exd4 14. cxd4 Re8 15.
Nf1 Na5 16. Bc2 c5 17. Ng3 g6 18. Rb1 Bf6 19. d5 Nc4 20. b3 Ncb6 21. Nh2 h5 22.
Rf1 Bg7 23. f4 h4 24. Nh1 Nf6 25. Qf3 c4 26. f5 cxb3 27. Rxb3 Rc8 28. Bb1 Nbd7
29. fxg6 fxg6 30. Qf4 Qe7 31. Ng4 Nh5 32. Qd2 Ne5 33. Nxe5 Bxe5 34. Bb2 Rf8 35.
Rxf8+ Rxf8 36. Nf2 Bc8 37. Bc2 Nf4 38. Nd3 Qa7+ 39. Nf2 Bxb2 40. Rxb2 Bxh3 41.
Bd1 Bxg2 42. Kh2 Qe7 43. Qd4 Qg5 44. Rb3 Bh3 0-1

[Event "42. Open Ciutat de Badalona 2016"]
[Site "Badalona ESP"]
[Date "2016.08.04"]
[Round "3.6"]
[White "Bru Rullo, Llatzer"]
[Black "Perez Mitjans, Orelvis"]
[Result "0-1"]
[WhiteElo "2270"]
[BlackElo "2457"]
[PlyCount "78"]
[EventDate "2016.08.02"]
[EventType "swiss"]
[EventRounds "9"]
[EventCountry "ESP"]
[SourceTitle "Ajedrez en Madrid"]
[Source "lmi"]
[SourceDate "2016.08.02"]
[SourceVersion "1"]
[SourceVersionDate "2018.07.18"]
[SourceQuality "1"]

1. Nf3 c5 2. g3 Nc6 3. Bg2 e5 4. c4 f5 5. d3 Nf6 6. Nc3 Be7 7. O-O O-O 8. e3 d6
9. Ne1 Be6 10. Nd5 Kh8 11. f4 Qd7 12. b3 Rae8 13. Nxe7 Rxe7 14. Bb2 Bg8 15. d4
cxd4 16. exd4 e4 17. d5 Nb8 18. Nc2 Na6 19. Bd4 b6 20. a3 Nc5 21. Bxc5 bxc5 22.
b4 cxb4 23. axb4 Qc7 24. Ne3 Qb6 25. Qd2 Ng4 26. Rfe1 Rc8 27. Bf1 Bf7 28. b5
Qc5 29. Ra6 g5 30. h3 gxf4 31. gxf4 Nxe3 32. Qxe3 Rg8+ 33. Kh2 Qb4 34. Ra2 Bh5
35. Qd4+ Reg7 36. Re3 Bf3 37. Rxa7 Qb1 38. Qf6 Qxf1 39. Rxg7 Qh1+ 0-1

[Event "42. Open Ciutat de Badalona 2016"]
[Site "Badalona ESP"]
[Date "2016.08.04"]
[Round "3.7"]
[White "Gaikwad, Siddhant"]
[Black "Cruz, Jonathan"]
[Result "0-1"]
[WhiteElo "2264"]
[BlackElo "2433"]
[PlyCount "78"]
[EventDate "2016.08.02"]
[EventType "swiss"]
[EventRounds "9"]
[EventCountry "ESP"]
[SourceTitle "Ajedrez en Madrid"]
[Source "lmi"]
[SourceDate "2016.08.02"]
[SourceVersion "1"]
[SourceVersionDate "2018.07.18"]
[SourceQuality "1"]

1. e4 d6 2. d4 Nf6 3. Nc3 g6 4. f3 c6 5. Be3 b5 6. Qd2 Nbd7 7. g4 Nb6 8. b3 Bg7
9. h4 h5 10. g5 Nfd7 11. O-O-O a5 12. f4 b4 13. Nce2 a4 14. Kb1 Qc7 15. f5 gxf5
16. exf5 Nd5 17. Bg2 axb3 18. Bxd5 cxd5 19. cxb3 Nc5 20. Qc2 Qa5 21. Ng3 Ne4
22. N1e2 Bd7 23. Nxe4 Bxf5 24. N2g3 Bg6 25. Qc6+ Kd8 26. Qc2 Kd7 27. Rc1 Rhc8
28. Qd2 dxe4 29. Ne2 Qa6 30. Rxc8 Rxc8 31. Nf4 Qb5 32. Rd1 Bh8 33. Qg2 Rc3 34.
Nxg6 fxg6 35. Qh3+ Kc7 36. Rd2 e6 37. Kb2 Kd7 38. Rf2 Bxd4 39. Rf7+ Kc6 0-1

[Event "42. Open Ciutat de Badalona 2016"]
[Site "Badalona ESP"]
[Date "2016.08.04"]
[Round "3.8"]
[White "Cortes Orihuela, Javier"]
[Black "Ortega Amarelle, Mariano"]
[Result "0-1"]
[WhiteElo "2247"]
[BlackElo "2432"]
[PlyCount "84"]
[EventDate "2016.08.02"]
[EventType "swiss"]
[EventRounds "9"]
[EventCountry "ESP"]
[SourceTitle "Ajedrez en Madrid"]
[Source "lmi"]
[SourceDate "2016.08.02"]
[SourceVersion "1"]
[SourceVersionDate "2018.07.18"]
[SourceQuality "1"]

1. d4 Nf6 2. c4 e6 3. g3 d5 4. Nf3 dxc4 5. Bg2 c6 6. Ne5 b5 7. Nxc6 Qb6 8. Na5
Nd5 9. Bd2 Nc6 10. Nxc6 Qxc6 11. O-O Bb7 12. e4 Nf6 13. d5 Qd7 14. dxe6 fxe6
15. e5 Bxg2 16. Kxg2 Nd5 17. Nc3 Nxc3 18. Bxc3 Qb7+ 19. Qf3 O-O-O 20. Rad1 Bc5
21. Qxb7+ Kxb7 22. Ba5 Rd4 23. a3 Kc6 24. f4 Rb8 25. Bc3 Rdd8 26. g4 g6 27. Kf3
Kb6 28. Ke4 a5 29. Bd4 Bxd4 30. Rxd4 Rxd4+ 31. Kxd4 Rd8+ 32. Ke4 Rd2 33. f5
gxf5+ 34. gxf5 exf5+ 35. Kxf5 Rxb2 36. e6 Re2 37. Rc1 Kc5 38. Kf6 b4 39. axb4+
axb4 40. e7 b3 41. Kf7 b2 42. Rc2 Rxe7+ 0-1

[Event "42. Open Ciutat de Badalona 2016"]
[Site "Badalona ESP"]
[Date "2016.08.04"]
[Round "3.9"]
[White "Peralta, Fernando"]
[Black "Guichard, Pauline"]
[Result "1-0"]
[WhiteElo "2587"]
[BlackElo "2353"]
[PlyCount "125"]
[EventDate "2016.08.02"]
[EventType "swiss"]
[EventRounds "9"]
[EventCountry "ESP"]
[SourceTitle "Ajedrez en Madrid"]
[Source "lmi"]
[SourceDate "2016.08.02"]
[SourceVersion "1"]
[SourceVersionDate "2018.07.18"]
[SourceQuality "1"]

1. d4 Nf6 2. c4 e6 3. Nc3 Bb4 4. e3 b6 5. Nge2 Ba6 6. Ng3 h5 7. h4 Bb7 8. Qd3
d5 9. cxd5 exd5 10. Qc2 Nbd7 11. a3 Bf8 12. Bd3 a6 13. e4 dxe4 14. Ncxe4 Nxe4
15. Nxe4 Be7 16. Bf4 Rc8 17. O-O-O Kf8 18. Kb1 Nf6 19. Nxf6 Bxf6 20. Bf5 Bxg2
21. Rhg1 Bf3 22. Rd2 Ra8 23. d5 Bg4 24. Bxg4 hxg4 25. Rxg4 Qd7 26. f3 Rc8 27.
Qd3 b5 28. Bg5 Bxg5 29. hxg5 Rh1+ 30. Ka2 c6 31. g6 Qxd5+ 32. Qxd5 cxd5 33.
Rxd5 fxg6 34. Rxg6 Rh6 35. Rdd6 Rxg6 36. Rxg6 a5 37. Rg5 Rb8 38. b4 axb4 39.
axb4 Kf7 40. Kb3 Kf6 41. f4 g6 42. Kc3 Rc8+ 43. Rc5 Rb8 44. Kd4 Ke6 45. Re5+
Kd6 46. Rg5 Ke7 47. Kc5 Kf6 48. Kc6 Re8 49. Rxb5 Re4 50. Rb8 Kg7 51. Rb7+ Kf6
52. Rb8 Kg7 53. b5 Rxf4 54. b6 Rc4+ 55. Kb7 g5 56. Rc8 Rb4 57. Rc5 Kg6 58. Kc6
Rf4 59. b7 Rf8 60. Kb6 Kh5 61. Rc8 Rf1 62. b8=Q Rb1+ 63. Kc5 1-0

[Event "42. Open Ciutat de Badalona 2016"]
[Site "Badalona ESP"]
[Date "2016.08.04"]
[Round "3.10"]
[White "Gomez Garrido, Camilo Ernesto"]
[Black "Perpinya Rofes, Lluis Maria"]
[Result "1/2-1/2"]
[WhiteElo "2560"]
[BlackElo "2341"]
[PlyCount "277"]
[EventDate "2016.08.02"]
[EventType "swiss"]
[EventRounds "9"]
[EventCountry "ESP"]
[SourceTitle "Ajedrez en Madrid"]
[Source "lmi"]
[SourceDate "2016.08.02"]
[SourceVersion "1"]
[SourceVersionDate "2018.07.18"]
[SourceQuality "1"]

1. e4 c5 2. Nf3 Nc6 3. Bb5 e6 4. Bxc6 bxc6 5. b3 f6 6. O-O Ne7 7. Ba3 d6 8. Re1
Ng6 9. c3 Be7 10. d4 cxd4 11. cxd4 O-O 12. Qc2 Bd7 13. Nbd2 Rc8 14. Rac1 Kh8
15. Nc4 d5 16. Bxe7 Qxe7 17. Ncd2 e5 18. Re3 exd4 19. Nxd4 c5 20. Nc6 Qd6 21.
exd5 Qxd5 22. Ne7 Nxe7 23. Rxe7 Rfe8 24. Rxe8+ Rxe8 25. Nf1 Re5 26. Rd1 Qe6 27.
Qd2 Be8 28. Ne3 h5 29. Qd6 Kh7 30. h4 Bf7 31. Qxe6 Bxe6 32. Rd6 Bg8 33. Ra6 Re7
34. g3 Kg6 35. Kf1 Rc7 36. Ra4 Be6 37. Ke2 Kf7 38. Kd3 Ke7 39. Kc3 g5 40. f4
gxh4 41. gxh4 Kf7 42. Ra6 Bc8 43. Rd6 Re7 44. Nd5 Re6 45. Rd8 Rc6 46. Ne3 Bg4
47. a4 Re6 48. Kd3 Rb6 49. Kc3 Re6 50. Nc4 Kg6 51. Nd6 Re3+ 52. Kc4 Be6+ 53.
Kxc5 Rc3+ 54. Kd4 Rxb3 55. Re8 Rb4+ 56. Kc5 Rxa4 57. Rxe6 Rxf4 58. Ne4 Rxh4 59.
Rxf6+ Kg7 60. Re6 Rg4 61. Kd5 Rg1 62. Ke5 h4 63. Re7+ Kg6 64. Re8 Kg7 65. Kf5
h3 66. Re7+ Kf8 67. Rh7 Rf1+ 68. Ke5 a5 69. Nd6 Re1+ 70. Kf6 Rf1+ 71. Nf5 Ke8
72. Rxh3 Kd7 73. Ke5 Kc6 74. Rc3+ Kd7 75. Ne3 Re1 76. Kd5 Ke7 77. Nf5+ Kf6 78.
Nd4 a4 79. Rc6+ Kf7 80. Nf3 Rd1+ 81. Ke5 a3 82. Ra6 Ra1 83. Ng5+ Kg8 84. Kf6
Rf1+ 85. Ke7 Kg7 86. Ne6+ Kh6 87. Ra5 a2 88. Rxa2 Kh5 89. Ra4 Re1 90. Kf6 Rf1+
91. Ke5 Re1+ 92. Kf5 Rf1+ 93. Nf4+ Kh6 94. Ra7 Rf2 95. Rf7 Rf1 96. Ke5 Re1+ 97.
Kf6 Rf1 98. Kf5 Rf2 99. Rf6+ Kh7 100. Kg5 Rf1 101. Rf7+ Kg8 102. Kg6 Rg1+ 103.
Kf6 Rf1 104. Ke7 Ra1 105. Rf5 Ra7+ 106. Ke6 Ra6+ 107. Ke5 Ra5+ 108. Nd5 Kg7
109. Rg5+ Kh6 110. Rg2 Kh7 111. Ke6 Ra6+ 112. Kf7 Ra7+ 113. Ne7 Kh6 114. Rg6+
Kh5 115. Re6 Kg4 116. Kf6 Ra1 117. Nf5 Rf1 118. Re4+ Rf4 119. Re5 Ra4 120. Ne3+
Kf3 121. Nd5 Ra8 122. Re3+ Kg4 123. Re4+ Kf3 124. Rf4+ Ke2 125. Ke5 Re8+ 126.
Kd4 Rd8 127. Rf5 Rd7 128. Rf8 Ke1 129. Ke4 Ke2 130. Rh8 Kf2 131. Rh2+ Kg3 132.
Rd2 Ra7 133. Rd3+ Kf2 134. Rf3+ Kg1 135. Ne3 Ra4+ 136. Kf5 Rb4 137. Kg5 Ra4
138. Ng4 Kg2 139. Rb3 1/2-1/2

[Event "42. Open Ciutat de Badalona 2016"]
[Site "Badalona ESP"]
[Date "2016.08.05"]
[Round "4.1"]
[White "Ortiz Suarez, Isan Reynaldo"]
[Black "Cruz, Jonathan"]
[Result "1-0"]
[WhiteElo "2564"]
[BlackElo "2433"]
[PlyCount "71"]
[EventDate "2016.08.02"]
[EventType "swiss"]
[EventRounds "9"]
[EventCountry "ESP"]
[SourceTitle "Ajedrez en Madrid"]
[Source "lmi"]
[SourceDate "2016.08.02"]
[SourceVersion "1"]
[SourceVersionDate "2018.07.18"]
[SourceQuality "1"]

1. e4 e5 2. Nf3 Nc6 3. Bc4 Nf6 4. d3 Bc5 5. O-O O-O 6. Nbd2 h6 7. c3 a6 8. a4
d6 9. h3 Be6 10. Re1 Qd7 11. Nf1 d5 12. exd5 Bxd5 13. Be3 Bd6 14. N1d2 Rfe8 15.
Bb3 Bxb3 16. Qxb3 Na5 17. Qc2 c5 18. Ne4 Qe7 19. Nh4 Qe6 20. Rad1 Rac8 21. Nxd6
Qxd6 22. Qe2 Qd5 23. Nf5 Rc6 24. b4 cxb4 25. cxb4 Nb3 26. Qb2 Kf8 27. b5 Rce6
28. Rb1 Nc5 29. Qa3 Nfd7 30. Rec1 Rc8 31. Ng3 axb5 32. Rxb5 b6 33. a5 Ra8 34.
Rxb6 Rxb6 35. Rxc5 Qd6 36. Nf5 1-0

[Event "42. Open Ciutat de Badalona 2016"]
[Site "Badalona ESP"]
[Date "2016.08.05"]
[Round "4.2"]
[White "Neelotpal, Das"]
[Black "Aguero Jimenez, Luis Lazaro"]
[Result "1-0"]
[WhiteElo "2472"]
[BlackElo "2388"]
[PlyCount "71"]
[EventDate "2016.08.02"]
[EventType "swiss"]
[EventRounds "9"]
[EventCountry "ESP"]
[SourceTitle "Ajedrez en Madrid"]
[Source "lmi"]
[SourceDate "2016.08.02"]
[SourceVersion "1"]
[SourceVersionDate "2018.07.18"]
[SourceQuality "1"]

1. e4 c5 2. Nf3 e6 3. d4 cxd4 4. Nxd4 Nf6 5. Nc3 Nc6 6. Ndb5 d6 7. Bf4 e5 8.
Bg5 a6 9. Na3 b5 10. Nd5 Be7 11. Bxf6 Bxf6 12. c3 Bg5 13. Nc2 O-O 14. a4 bxa4
15. Rxa4 a5 16. Bb5 Bb7 17. O-O g6 18. Qd3 Kh8 19. Rfa1 f5 20. exf5 gxf5 21. b4
axb4 22. Rxa8 Bxa8 23. Ncxb4 e4 24. Qd1 Ne5 25. Qh5 Bxd5 26. Nxd5 Qb8 27. Be2
Qb7 28. Qxg5 Qxd5 29. Qh6 Ng6 30. Ra7 Qg8 31. Bc4 d5 32. Bxd5 Rb8 33. g3 Rb1+
34. Kg2 Nf4+ 35. Qxf4 Qxd5 36. Qh4 1-0

[Event "42. Open Ciutat de Badalona 2016"]
[Site "Badalona ESP"]
[Date "2016.08.05"]
[Round "4.3"]
[White "Perez Mitjans, Orelvis"]
[Black "Hansen, Mads"]
[Result "1/2-1/2"]
[WhiteElo "2457"]
[BlackElo "2344"]
[PlyCount "76"]
[EventDate "2016.08.02"]
[EventType "swiss"]
[EventRounds "9"]
[EventCountry "ESP"]
[SourceTitle "Ajedrez en Madrid"]
[Source "lmi"]
[SourceDate "2016.08.02"]
[SourceVersion "1"]
[SourceVersionDate "2018.07.18"]
[SourceQuality "1"]

1. e4 e5 2. Nf3 Nc6 3. Bb5 a6 4. Ba4 Nf6 5. d3 d6 6. c4 g6 7. d4 exd4 8. Nxd4
Bd7 9. Nxc6 Bxc6 10. O-O Bg7 11. Nc3 O-O 12. f3 Bxa4 13. Qxa4 Nd7 14. Be3 c6
15. Rad1 Qe7 16. Qb4 Nc5 17. Rf2 b5 18. cxb5 axb5 19. Rfd2 Rfd8 20. Ne2 Nb7 21.
b3 f5 22. Bb6 Rf8 23. a4 fxe4 24. fxe4 bxa4 25. bxa4 c5 26. Qc4+ Qf7 27. Rc2
Be5 28. Rb1 Qxc4 29. Rxc4 Rfc8 30. g3 Ra6 31. Rb5 Kf7 32. Nf4 Bxf4 33. gxf4 Ke6
34. a5 Kd7 35. Ra4 Rca8 36. Ra2 Kc6 37. Rab2 c4 38. R5b4 Nxa5 1/2-1/2

[Event "42. Open Ciutat de Badalona 2016"]
[Site "Badalona ESP"]
[Date "2016.08.05"]
[Round "4.4"]
[White "Ortega Amarelle, Mariano"]
[Black "Gonzalez Garcia, Jose"]
[Result "0-1"]
[WhiteElo "2432"]
[BlackElo "2498"]
[PlyCount "56"]
[EventDate "2016.08.02"]
[EventType "swiss"]
[EventRounds "9"]
[EventCountry "ESP"]
[SourceTitle "Ajedrez en Madrid"]
[Source "lmi"]
[SourceDate "2016.08.02"]
[SourceVersion "1"]
[SourceVersionDate "2018.07.18"]
[SourceQuality "1"]

1. d4 Nf6 2. c4 c5 3. d5 e5 4. Nc3 d6 5. e4 Nbd7 6. g3 g6 7. h4 h5 8. Bg5 a6 9.
Qd2 Be7 10. f3 Nf8 11. a4 N8h7 12. Be3 O-O 13. Bh3 Ne8 14. Bh6 Ng7 15. Bxc8
Qxc8 16. Nge2 f5 17. Qc2 Rf7 18. Bxg7 Kxg7 19. f4 Bf6 20. O-O Qd7 21. Kg2 Kh8
22. Rf3 Bg7 23. Raf1 Raf8 24. fxe5 dxe5 25. Nd1 f4 26. gxf4 exf4 27. Nxf4 Qg4+
28. Rg3 Rxf4 0-1

[Event "42. Open Ciutat de Badalona 2016"]
[Site "Badalona ESP"]
[Date "2016.08.05"]
[Round "4.5"]
[White "Peralta, Fernando"]
[Black "Alvarez Pedraza, Aramis"]
[Result "1-0"]
[WhiteElo "2587"]
[BlackElo "2483"]
[PlyCount "113"]
[EventDate "2016.08.02"]
[EventType "swiss"]
[EventRounds "9"]
[EventCountry "ESP"]
[SourceTitle "Ajedrez en Madrid"]
[Source "lmi"]
[SourceDate "2016.08.02"]
[SourceVersion "1"]
[SourceVersionDate "2018.07.18"]
[SourceQuality "1"]

1. d4 e6 2. c4 b6 3. e4 Bb7 4. Bd3 f5 5. exf5 Bb4+ 6. Kf1 Nf6 7. Nf3 O-O 8. a3
Bd6 9. Nc3 exf5 10. Bxf5 Qe8 11. h3 Bxf3 12. Qxf3 Nc6 13. Qd3 Qh5 14. Be3 Rae8
15. Kg1 g6 16. Be4 Qh4 17. Bf3 Bf4 18. Bxf4 Qxf4 19. Ne2 Rxe2 20. Qxe2 Nxd4 21.
Qe3 Nxf3+ 22. Qxf3 Qxc4 23. Kh2 Ne4 24. Qg4 Qd5 25. Rhd1 Qe5+ 26. f4 Rxf4 27.
Rd5 Qxd5 28. Qxf4 Qd6 29. Qxd6 Nxd6 30. Rf1 Nf7 31. Rd1 Ne5 32. Re1 d6 33. Rf1
Nf7 34. Rc1 c5 35. Re1 Ne5 36. Rf1 Kg7 37. Kg3 b5 38. Rd1 Nf7 39. b4 c4 40. a4
bxa4 41. Ra1 d5 42. Rxa4 Kf6 43. Rxa7 Nd6 44. Kf4 d4 45. Rc7 c3 46. Rc5 Ke6 47.
b5 Nb7 48. Rc7 Na5 49. Ke4 Kd6 50. b6 Nc6 51. Kd3 h6 52. Rc8 Kd5 53. b7 Nb4+
54. Ke2 d3+ 55. Ke3 d2 56. Rd8+ Kc4 57. b8=Q 1-0

[Event "42. Open Ciutat de Badalona 2016"]
[Site "Badalona ESP"]
[Date "2016.08.05"]
[Round "4.6"]
[White "Vera Siguenas, Deivy"]
[Black "Barrientos, Sergio E"]
[Result "0-1"]
[WhiteElo "2496"]
[BlackElo "2466"]
[PlyCount "120"]
[EventDate "2016.08.02"]
[EventType "swiss"]
[EventRounds "9"]
[EventCountry "ESP"]
[SourceTitle "Ajedrez en Madrid"]
[Source "lmi"]
[SourceDate "2016.08.02"]
[SourceVersion "1"]
[SourceVersionDate "2018.07.18"]
[SourceQuality "1"]

1. e4 c5 2. Nf3 d6 3. d4 Nf6 4. Nc3 cxd4 5. Nxd4 a6 6. Be3 e5 7. Nf3 Be7 8. Bc4
Be6 9. Bb3 Nc6 10. O-O Na5 11. Qe2 Nxb3 12. axb3 h6 13. Rfd1 Qc7 14. Nd5 Nxd5
15. exd5 Bg4 16. h3 Bxf3 17. Qxf3 Qxc2 18. Qg4 Bf6 19. Qa4+ b5 20. Qa3 O-O 21.
Rac1 Qf5 22. Qxd6 e4 23. Qa3 Rfd8 24. d6 Qe6 25. Rc5 Be5 26. Rcd5 Rd7 27. Qc5
Re8 28. Qc6 Bxb2 29. Qxa6 b4 30. Qc6 Bc3 31. Qc4 Red8 32. Bb6 Rb8 33. Bc5 Kh7
34. Kh1 f5 35. Be3 Rf8 36. Bc5 f4 37. R5d4 Re8 38. Rd5 e3 39. fxe3 fxe3 40. Qe2
Bd2 41. R1xd2 exd2 42. Qxe6 Rxe6 43. Rxd2 Re4 44. Ra2 Kg6 45. Ra4 Rb7 46. Kh2
Kf7 47. Kg3 Ke6 48. Kf3 Kd5 49. Be3 Rf7+ 50. Ke2 Kxd6 51. Kd3 Rfe7 52. Bd4 Re1
53. Rxb4 Rd1+ 54. Kc2 Rf1 55. Kd3 Rd7 56. Ra4 Kd5 57. Ra5+ Ke6 58. Re5+ Kd6 59.
Ra5 Rd1+ 60. Ke4 Re7+ 0-1

[Event "42. Open Ciutat de Badalona 2016"]
[Site "Badalona ESP"]
[Date "2016.08.05"]
[Round "4.7"]
[White "Lorenzo De la Riva, Lazaro"]
[Black "Oliva Castaneda, Kevel"]
[Result "0-1"]
[WhiteElo "2355"]
[BlackElo "2491"]
[PlyCount "86"]
[EventDate "2016.08.02"]
[EventType "swiss"]
[EventRounds "9"]
[EventCountry "ESP"]
[SourceTitle "Ajedrez en Madrid"]
[Source "lmi"]
[SourceDate "2016.08.02"]
[SourceVersion "1"]
[SourceVersionDate "2018.07.18"]
[SourceQuality "1"]

1. e4 e6 2. d4 d5 3. Nd2 Nf6 4. e5 Nfd7 5. f4 c5 6. Ngf3 Nc6 7. Nb3 c4 8. Nbd2
Qa5 9. c3 b5 10. Be2 b4 11. Nb1 Nb6 12. O-O Bd7 13. a3 b3 14. Rf2 Na4 15. Bf1
Ne7 16. Nh4 Ng6 17. Qh5 Nxh4 18. Qxh4 Qd8 19. Qh3 Be7 20. Nd2 Qb6 21. Qf3 Qc6
22. Qg3 O-O 23. Nf3 f5 24. exf6 Bxf6 25. Be3 Be8 26. Re1 Bg6 27. Bc1 Be4 28.
Rfe2 Rae8 29. Rxe4 dxe4 30. Nd2 Nb6 31. Rxe4 Be7 32. Qe1 Bd6 33. g3 Qb5 34.
Rxe6 Kf7 35. Rxe8 Rxe8 36. Ne4 Kf8 37. Qe2 Na4 38. Qf3 Qd5 39. Nd2 Qxf3 40.
Nxf3 Bxa3 41. bxa3 Nxc3 42. Ne5 Na2 43. Bb2 c3 0-1

[Event "42. Open Ciutat de Badalona 2016"]
[Site "Badalona ESP"]
[Date "2016.08.05"]
[Round "4.8"]
[White "Cordova, Emilio"]
[Black "Himanshu, Sharma"]
[Result "1/2-1/2"]
[WhiteElo "2627"]
[BlackElo "2437"]
[PlyCount "104"]
[EventDate "2016.08.02"]
[EventType "swiss"]
[EventRounds "9"]
[EventCountry "ESP"]
[SourceTitle "Ajedrez en Madrid"]
[Source "lmi"]
[SourceDate "2016.08.02"]
[SourceVersion "1"]
[SourceVersionDate "2018.07.18"]
[SourceQuality "1"]

1. g3 e5 2. Bg2 d5 3. c4 Nf6 4. cxd5 Nxd5 5. Nc3 Nb6 6. e3 g6 7. Nge2 Bg7 8. b3
O-O 9. Ba3 Re8 10. Rc1 c6 11. O-O a5 12. d3 Na6 13. Qd2 Nb4 14. Rfd1 h5 15. Bb2
h4 16. a3 N4d5 17. Nxd5 Nxd5 18. e4 Nf6 19. d4 hxg3 20. hxg3 exd4 21. Bxd4 Nxe4
22. Qb2 Bxd4 23. Nxd4 Qf6 24. Re1 Bf5 25. Qa1 Rad8 26. Nxf5 Qxf5 27. Bxe4 Rxe4
28. Rxe4 Qxe4 29. Qc3 b6 30. b4 Rd3 31. Qf6 Rd5 32. Qc3 a4 33. Re1 Rd3 34. Qc1
Qd4 35. Kg2 Rd2 36. Rf1 Qe4+ 37. Kg1 Qc2 38. Qe1 Re2 39. Qa1 Qc4 40. Rd1 Re8
41. Rd6 Qc2 42. Qf6 Qc1+ 43. Kg2 Qxa3 44. Rd8 Rxd8 45. Qxd8+ Kg7 46. Qd4+ Kh7
47. Qh4+ Kg8 48. Qd8+ Kg7 49. Qd4+ f6 50. Qd7+ Kh6 51. Qh3+ Kg7 52. Qd7+ Kh6
1/2-1/2